Fr. Conceicao Rodrigues College of Engineering

Computational Mathematical .Sem iv (Record no. 32988)

MARC details
000 -LEADER
fixed length control field 00311nam a2200133Ia 4500
082 ## - DEWEY DECIMAL CLASSIFICATION NUMBER
Classification number 005.31/KUM
Item number KUM
100 ## - MAIN ENTRY--PERSONAL NAME
Personal name Kumbhojkar/G.v
245 ## - TITLE STATEMENT
Title Computational Mathematical .Sem iv
260 ## - PUBLICATION, DISTRIBUTION, ETC.
Name of publisher, distributor, etc. C.Jamnacs & Co.
Place of publication, distribution, etc. Pune
Date of publication, distribution, etc. 2006
546 ## - LANGUAGE NOTE
Language note ENGLISH
654 ## - SUBJECT ADDED ENTRY--FACETED TOPICAL TERMS
Focus term computational maths
942 ## - ADDED ENTRY ELEMENTS (KOHA)
Koha item type BOOK
Holdings
Withdrawn status Lost status Damaged status Not for loan Collection Home library Current library Shelving location Date acquired Total Checkouts Full call number Barcode Date last seen Price effective from Koha item type
        CRC Fr. Agnel's C.Rodrigues College of Engineering Fr. Agnel's C.Rodrigues College of Engineering   17/03/2023   005.31/KUM KUM 16542 17/03/2023   BOOK